Loading...

Organic chemistry : Stereochemistry and the chemistry of natural products. Vol. 2 :

Bibliographic Details
Main Author: Finar, I. L.
Format: Printed Book
Language:English
Published: London : Longmans, Green, 1964.
Edition:5th. ed.
Subjects:
LEADER 00715nam a22001811i 4500
005 20160323130355.0
008 910222r19641959enka b 000 0 eng d
082 |a 547  |b FIN.2 
100 1 |a Finar, I. L.  |9 12540 
245 0 0 |a Organic chemistry :  |n Vol. 2 :  |b Stereochemistry and the chemistry of natural products.  |c by I.L,Finar 
250 |a 5th. ed. 
300 |a xii, 942 p. :  |b tables, diagrs. ;  |c 26 cm. 
653 |a stereochemistry  |a Chemistry of Natural products 
942 |c BK  |6 _ 
260 |a London :  |b Longmans, Green,  |c 1964. 
500 |a Previous ed. 1959. 
999 |c 156622  |d 156622 
952 |0 0  |1 0  |2 ddc  |3 VOL 2  |4 0  |6 547_FIN  |7 0  |9 204996  |a DAC  |b DAC  |c GEN  |d 2010-01-18  |l 10  |o 547 FIN  |p CHE3396  |r 2015-12-17  |s 2015-12-17  |w 2010-01-18  |y BK